000 01281nam a2200229Ia 4500
001 11170
003 GE_BSU
008 181216s||||||||xx |||||||||||||| ||und||
040 _cGE_BSU
080 _a631.3(075.32)+637.37.621.3(075.32)+629.114.2(075.32)+629.114.3(075.32)
100 _aკოპალიანი,ლ
245 _aსოფლის მეურნეობის წარმოების მექანიზაცია და ელექტროფიკაცია.ნაწ.1. ტრაქტორები და ავტომობილები.
245 _bსახელმძღვ.სოფლის მეურნეობის საშუალო სპეც.სასწ. მოსწავლეთათვის.
245 _cრედ:ლ.მუშკუდიანი.
260 _aთბილისი.
260 _bგანათლება.
260 _c1988.
300 _a399გვ;22სმ.
300 _eილ;ცხრ.
653 _aსოფლის მეურნეობის წარმოების მექანიზაცია და ელექტროფიკაცია.ნაწ.1. ტრაქტორები და ავტომობილები.
942 _cBK
999 _c44404
_d44404